| 000 | 00660nam a22002177a 4500 | ||
|---|---|---|---|
| 003 | OTs | ||
| 005 | 20260530115322.0 | ||
| 008 | 260520b2008 ||| o||| |||| 00| 0 spa d | ||
| 040 |
_aICI _bspa _cICI _erda |
||
| 050 |
_aTX901 _bF47 2008 |
||
| 245 |
_aFestival sabor _bSan Miguel 08 |
||
| 264 |
_aMéxico _bVIKING _c2008 |
||
| 336 |
_2rdacontent _atexto |
||
| 337 |
_2rdamedia _asin medio |
||
| 338 |
_2rdacarrier _avolumen |
||
| 650 |
_aGastronomía$zMéxico _vFestivales _934646 |
||
| 650 |
_aFestivales gastronómicos _zMéxico _934647 |
||
| 650 |
_aCocina mexicana _xEventos especiales _934648 |
||
| 650 |
_aTurismo cultural _zMéxico _934649 |
||
| 942 |
_2lcc _n1 _cBK |
||
| 999 |
_c13846 _d13846 |
||